01229nkc a2200241za 450000100060000000300040000600500170001000700070002700800410003404000240007524500780009926000130017730000580019050000780024850000560032650001660038250401770054861000430072565100270076865500320079585200110082785601490083884158OSt20260303115659.0kh bo 250314s1906 sp ||||| |||| 00| i|spa d cM-RABAaM-RABAbspa01a[Monasterio de Santa María de Zamarceb: Portada]h[Material gráfico] cca. 1906 a1 Fotografía :bGelatina de plata ;c22,5 x 15,5 cm aImagen de la portada del Monasterio de Santa María de Zamarce (Navarra) aAl verso, ms. a tinta: “2º Pórtico Zamarce”. aEstaban incluidas en un sobre con membrete del Boletín de la Sociedad Española de Excursiones, con anotaciones mss. a lápiz: “Románico – Portadas”. aIdentificada en: B.S.E.E, 1906, tomo XIV, 1ª lám. del artículo de E. Serrano Fatigati: “Portadas del periodo románico y del de transición al ojival”, pp. 6-17.20aMonasterio de Santa María de Zamarce 7aNavarrazUharte Arakil 0aFotografías de monumentos jFot-26 3Fot-26uhttps://archivoybiblioteca.realacademiabellasartessanfernando.com/cgi-bin/koha/opac-retrieve-file.pl?id=c722e6a070aab4bbf478fbaf47393274